Internet management / (Record no. 178995)
[ view plain ]
| 000 -LEADER | |
|---|---|
| fixed length control field | 00618 a2200181 4500 |
| 003 - CONTROL NUMBER IDENTIFIER | |
| control field | Nust |
| 005 - DATE AND TIME OF LATEST TRANSACTION | |
| control field | 20220730105657.0 |
| 020 ## - INTERNATIONAL STANDARD BOOK NUMBER | |
| International Standard Book Number | 8187336129 |
| 040 ## - CATALOGING SOURCE | |
| Transcribing agency | Nust |
| 082 ## - DEWEY DECIMAL CLASSIFICATION NUMBER | |
| Classification number | 004.67,GEO |
| 100 ## - MAIN ENTRY--PERSONAL NAME | |
| Personal name | S.K.Goel |
| 9 (RLIN) | 95891 |
| 245 ## - TITLE STATEMENT | |
| Title | Internet management / |
| Statement of responsibility, etc. | S.K.Goel |
| 260 ## - PUBLICATION, DISTRIBUTION, ETC. | |
| Place of publication, distribution, etc. | India |
| Name of publisher, distributor, etc. | Dominant pub |
| Date of publication, distribution, etc. | 1999 |
| 300 ## - PHYSICAL DESCRIPTION | |
| Extent | 289p |
| 505 ## - FORMATTED CONTENTS NOTE | |
| Formatted contents note | Internet Management (Page-1), Understanding Internet (Page-18), Internet management: SNMOv1 and SNMPv2 (Page-99), Essentials of Internet Management (Page-197), Remote Networking Monitoring (Page-253). |
| 650 ## - SUBJECT ADDED ENTRY--TOPICAL TERM | |
| Topical term or geographic name entry element | Internet management |
| 9 (RLIN) | 95892 |
| 942 ## - ADDED ENTRY ELEMENTS (KOHA) | |
| Source of classification or shelving scheme | |
| Koha item type | Book |
| Call number prefix | 004.67,GEO |
| Withdrawn status | Lost status | Source of classification or shelving scheme | Damaged status | Not for loan | Permanent Location | Current Location | Shelving location | Date acquired | Full call number | Barcode | Date last seen | Price effective from | Koha item type | Public note |
|---|---|---|---|---|---|---|---|---|---|---|---|---|---|---|
| Military College of Signals (MCS) | Military College of Signals (MCS) | General Stacks | 12/12/2016 | 004.67,GOE | MCS27730 | 12/08/2016 | 12/12/2016 | Book | Almirah No.3, Shelf No.2 |
